| 000 | 03866 a2200433 4500 | ||
|---|---|---|---|
| 005 | 20090624115227.0 | ||
| 008 | 090624t xxu||||| |||| 00| 0 eng d | ||
| 010 | _aENG-89318 B-328882-892 | ||
| 020 |
_a9788121612074 _c295.00 |
||
| 035 | _aEN-72851 | ||
| 035 | _aB-328882-892 | ||
| 035 | _aB-359108 | ||
| 037 | _bDBAD / PUB | ||
| 037 | _bHind Pocket Books | ||
| 037 | _bPansy Books | ||
| 040 |
_adpl _bEnglish |
||
| 082 | _a954.00992 | ||
| 100 | _aJarmani Dass, Diwan | ||
| 245 |
_aMaharaja: _cby Diwan Jarmani Dass _bthe lives, loves and intrigues of the Maharaja's of India / |
||
| 260 |
_aNew Delhi _bHind Pocket Books _c2007(repr.). |
||
| 270 |
_aJ-40, Jorbagh Lane _bNew Delhi _cDelhi _e110003 _k30971125 _mfullcircle@vsnl.com |
||
| 300 |
_a435p.: _c22cm(pbk.) _bb&w photos |
||
| 942 |
_adpl _cEN _2ddc _h954.00992 _mJAR |
||
| 999 |
_c10473 _d10473 |
||